Кн. 3: Электричество и магнетизм; Сборник задач по общему курсу физики

Détails bibliographiques
Parent link:Сборник задач по общему курсу физики: для вузов/ Под ред. И. А. Яковлева. Кн. 3: Электричество и магнетизм.— 4-е изд., перераб. и доп..— , 1977-
Langue:russe
Publié: 1977
Sujets:
Format: Livre
KOHA link:https://koha.lib.tpu.ru/cgi-bin/koha/opac-detail.pl?biblionumber=68884

MARC

LEADER 00000nam2a2200000 4500
001 68884
005 20231101212419.0
035 |a (RuTPU)RU\TPU\book\73353 
090 |a 68884 
100 |a 20041012d1977 m y0rusy50 ca 
101 0 |a rus 
102 |a RU 
105 |a a j 000zy 
200 0 |a Кн. 3: Электричество и магнетизм 
210 |d 1977 
215 |a 272 с.  |c ил. 
461 1 |0 (RuTPU)RU\TPU\book\72756  |t Сборник задач по общему курсу физики  |o для вузов  |o в 5-ти кн.  |f Под ред. И. А. Яковлева  |v Кн. 3: Электричество и магнетизм  |e 4-е изд., перераб. и доп.  |d 1977- 
606 1 |a Физика  |2 stltpush  |3 (RuTPU)RU\TPU\subj\63709  |9 80688 
606 1 |a Электричество и магнетизм  |2 stltpush  |3 (RuTPU)RU\TPU\subj\71197  |9 85222 
610 1 |a задачи 
610 1 |a электричество 
610 1 |a магнетизм 
610 1 |a токи 
610 1 |a магнитные поля 
610 1 |a термоэлектричество 
610 1 |a электроника 
610 1 |a электромагнитные волны 
675 |a 53(076)  |v 3 
675 |a 537(076)  |v 3 
801 1 |a RU  |b 63413507  |c 20041012  |g PSBO 
801 2 |a RU  |b 63413507  |c 20160803  |g PSBO 
942 |c BK